Catálogo

Vista normal Vista MARC

Entrada Personal Name

Número de registros utilizados en: 1

001 - CONTROL NUMBER

  • control field: 16961

003 - CONTROL NUMBER IDENTIFIER

  • control field: DLC

005 - DATE AND TIME OF LATEST TRANSACTION

  • control field: 20250408155032.0

008 - FIXED-LENGTH DATA ELEMENTS

  • fixed length control field: 960129n| azannaabn |n aaa

010 ## - LIBRARY OF CONGRESS CONTROL NUMBER

  • LC control number: n 96007300

035 ## - SYSTEM CONTROL NUMBER

  • System control number: (OCoLC)oca03997114

040 ## - CATALOGING SOURCE

  • Original cataloging agency: DLC
  • Language of cataloging: spa
  • Transcribing agency: Mx-.PuUPA
  • Description conventions: rda
  • Modifying agency: DNLM
  • Modifying agency: Mx-.PuUPA

046 ## - SPECIAL CODED DATES

  • Birth date: 19520118

100 1# - HEADING--PERSONAL NAME

  • Personal name: Behe, Michael J.,
  • Dates associated with a name: 1952-

370 ## - ASSOCIATED PLACE

  • Other associated place: Belén (Pensilvania)
  • Source of term: naf

373 ## - ASSOCIATED GROUP

  • Associated group: Universidad de Lehigh
  • Source of term: naf

374 ## - OCCUPATION

  • Occupation: Autor

377 ## - ASSOCIATED LANGUAGE

  • Language code: eng

670 ## - SOURCE DATA FOUND

  • Source citation: Darwin's black box, c1996:
  • Information found: CIP t.p. (Michael J. Behe) data sheet (b. 1/18/52)

670 ## - SOURCE DATA FOUND

  • Source citation: Biological information, 2013:
  • Information found: t.p. (Michael J. Behe) p. v (Lehigh University, Department of Biological Sciences, Bethlehem, PA, USA)